| 000 | 00552nam a2200193Ia 4500 | ||
|---|---|---|---|
| 003 | GCL | ||
| 008 | 140319s9999 xx 000 0 eng d | ||
| 040 |
_aGCL / _cGCL |
||
| 082 | 0 | 4 |
_a658.15 _bD F |
| 100 | 1 | _aDIACOGIANNIS, GEORGE P. | |
| 245 | 1 | 0 |
_aFINANCIAL MANAGEMENT AMODELLING APPROACH USING SPREADSHEETS / _cDIACOGIANNIS, GEORGE P. |
| 260 |
_a[S.N] : _bMC GRAW - HILL ، _c1993 |
||
| 300 | _a806 P | ||
| 650 | 0 | 4 | _aELECTRONIC SPREADSHEETS |
| 650 | 0 | 4 | _aDATA PROCESSING |
| 650 | 0 | 4 | _aBUSINESS ENTERPRISES |
| 650 | 0 | 4 | _aLOTUS |
| 942 |
_2ddc _cBK |
||
| 999 |
_c23669 _d23669 |
||